Die Steine der Pharaonen : vom Steinbruch zum Kunstwerk : Lagerstätten, Materialien, Werkstücke Altägyptens /

محفوظ في:

المؤلف الرئيسي: Schmitz, Bettina (مؤلف)

التنسيق: كتاب

اللغة: German

منشور في: Hildesheim : Pelizaeus-Museum, 1985.

سلاسل: Informationen und Einfuhrungen fur den Museumsbesucher ; 2.

الموضوعات:

الوسوم: إضافة وسم

لا توجد وسوم, كن أول من يضع وسما على هذه التسجيلة!

رقم الطلب: DT61 .S35 1985

LEADER 01303namaa2200313 4500
003 OSt
005 20200818063626.0
008 130303s1985 gw g b 000 0 ger d
952 |0 0  |1 0  |2 lcc  |4 0  |6 DT0061 S35 01985  |7 1  |9 5041  |a ARCE  |b ARCE  |d 2020-08-18  |l 0  |o DT61 .S35 1985  |p 1004132  |r 2020-08-18 00:00:00  |w 2020-08-18  |y BK 
999 |c 8746  |d 8746 
040 |c ARCE Library 
043 |a f-ua--- 
050 0 4 |a DT61 .S35 1985 
100 1 |a Schmitz, Bettina,  |e author 
245 1 4 |a Die Steine der Pharaonen :   |b vom Steinbruch zum Kunstwerk : Lagerstätten, Materialien, Werkstücke Altägyptens /   |c Bettina Schmitz. 
264 1 |a Hildesheim :  |b Pelizaeus-Museum,  |c 1985. 
300 |a 63 pages :  |b illustrations ;  |c 30 cm. 
336 |a text  |b txt  |2 rdacontent 
337 |a unmediated  |b n  |2 rdamedia 
338 |a volume  |b nc  |2 rdacarrier 
490 1 |a Informationen und Einfuhrungen fur den Museumsbesucher ;  |v 2. 
500 |a "Informationen zum Thema 'stein bei den alten Agypten" woher sie des material bekamen,wie sie es verar beiteten,was sie daraus herstellten" 
504 |a Bibliography : pages 62-63. 
650 0 |a Sculpture, Egyptian. 
650 0 |a Stone  |z Egypt. 
651 0 |a Egypt  |x Antiquities. 
830 0 |a Informationen und Einfuhrungen fur den Museumsbesucher ;  |v 2. 
901 |a reviewed 
942 |c BK  |2 lcc